00493nam a2200157Ia 4500008004100000041000800041082001200049100002100061245002500082250001400107260003400121300003400155365001100189999001700200952011800217240624s9999 xx 000 0 und d aeng a320 CAR aCARAMANI DANIELE aCOMPARATIVE POLITICS a(2nd ed.) c2011aNew DelhibOxford India axxxvii, : 640 : p. : cm. ; 26 cRSb31 c23330d23330 00104070aIMTNbIMTNcRack 5-Bd2014-10-07eAPg1395.00o320 CARp23330r2024-06-24 00:00:00t1w2024-06-24yBK